Statistiques concernant Plus Grandes Villes Provence Alpes Côtes d'Azur

Cliquez ici pour prendre le quiz!

Statistiques générales

  • Ce quiz a été pris 226 fois
  • Le résultat moyen est 22 sur 40

Statistiques - réponses

DépartementVille
Population
(en milliers)
% Correct
Bouches du RhôneMarseille868
100%
Alpes MaritimesNice341
100%
VarToulon176
98%
Bouches du RhôneAix en Provence143
95%
VaucluseAvignon91
92%
Alpes MaritimesCannes73
92%
VarHyères55
82%
Alpes MaritimesAntibes72
80%
Hautes AlpesGap40
76%
Bouches du RhôneArles51
74%
VarFréjus53
73%
Alpes MaritimesMenton30
72%
VarLa Seyne sur Mer62
66%
Alpes MaritimesGrasse48
65%
VaucluseOrange28
64%
Bouches du RhôneIstres43
63%
Bouches du RhôneAubagne47
62%
Bouches du RhôneMartigues48
62%
VarDraguignan39
60%
Bouches du RhôneLa Ciotat35
55%
Bouches du RhôneMarignane32
55%
VarSaint Raphaël35
55%
Bouches du RhôneSalon de Provence45
55%
Alpes MaritimesCagnes sur Mer51
47%
VaucluseCarpentras28
45%
Bouches du RhôneVitrolles33
45%
Alpes de Haute ProvenceManosque22
42%
VaucluseCavaillon26
40%
Alpes MaritimesLe Cannet41
38%
Alpes MaritimesSaint Laurent du Var28
33%
VarSix Fours les Plages33
32%
Alpes MaritimesMandelieu la Napoule21
31%
Bouches du RhôneMiramas26
26%
Bouches du RhôneAllauch20
24%
Bouches du RhôneGardanne21
23%
VarLa Garde25
23%
VarLa Valette du Var23
20%
VauclusePertuis20
18%
Alpes MaritimesVallauris27
18%
Bouches du RhôneLes Pennes Mirabeau21
15%

Distribution des résultats

Percentile par nombre de réponses

% des personnes avec chaque résultat

Votre développement - résultats

Vous n’avez pas pris ce quiz